000 00212nam a2200085 4500
001 1255711
005 20251211141427.0
245 _aTARİH YAZMAK BİZİM İŞİMİZ
_cMETİN ÖZDAMARLAR
260 _bTİMAŞ YAYINLARI
999 _c1255711
_d1255711